ბათუმის შოთა რუსთაველის სახელმწიფო უნივერსიტეტის ბიბლიოთეკა

საქართველოს სამოციქულო ეკლესიის ისტორია : (ბიბ.ჩანაწერი № 36776)

000 -ლიდერი
ფიქსირებული სიგრძის საკონტროლო ველი 01638nam a2200277Ia 4500
001 - საკონტროლო ნომერი
საკონტროლო ველი 2715
003 - საკონტროლო ნომრის იდენტიფიკატორი
საკონტროლო ველი GE_BSU
005 - ბოლო ოპერაციის თარიღი და დრო
საკონტროლო ველი 20190605195219.0
008 - ფიქსირებული სიგრძის მონაცემთა ელემენტები - ზოგადი ინფორმაცია
ფიქსირებული სიგრძის საკონტროლო ველი 181216s2009||||ge |||||||||||||| ||geo||
040 ## - კატალოგიზაციის წყარო
Transcribing agency GE_BSU
041 ## - ენის კოდი
Language code of text/sound track or separate title geo
080 ## - უნივერსალური ათობითი კლასიფიკაციის ინდექსი
Universal Decimal Classification number 271.222(479.22) ჯ–26
100 ## - მთავარი ჩანაწერი - პიროვნების სახელი
Personal name ჯაფარიძე, ანანია მიტროპოლიტი
9 (RLIN) 2177
245 ## - ცნობა სათაურის შესახებ
Title საქართველოს სამოციქულო ეკლესიის ისტორია :
Remainder of title მონოგრაფია /
Statement of responsibility, etc მიტროპოლიტი ანანია ჯაფარიძე ; რედ.: კახაბერ ჭაბაშვილი, თამარ რევაზიშვილი ; საძიებლები შეადგინა თამარ რევაზიშვილმა ; წინასიტყვ. ვახტანგ გოილაძე.
250 ## - გამოცემის ცნობა
Edition statement მე-2 გამოც.
264 ## - წარმოების, გამოცემის, დისტრიბუციის და სხვა ცნობები
გამოცემის, წარმოების, დისტრიბუციის... ადგილი თბილისი :
გამოცემის, წარმოების, დისტრიბუციის... სახელწოდება ალილო,
გამოცემის, წარმოების, დისტრიბუციის... თარიღი 2009.
300 ## - ფიზიკური აღწერა
Extent 1266 გვ. ;
Other physical details 29 სმ.
653 ## - INDEX TERM--UNCONTROLLED
Uncontrolled term რელიგია
653 ## - INDEX TERM--UNCONTROLLED
Uncontrolled term ეკლესია
653 ## - INDEX TERM--UNCONTROLLED
Uncontrolled term ეკლესიის ისტორია
700 ## - ADDED ENTRY--PERSONAL NAME
Personal name ჭაბაშვილი, კახაბერ
Relator term რედაქტორი
9 (RLIN) 2185
700 ## - ADDED ENTRY--PERSONAL NAME
Personal name რევაზიშვილი, თამარ
Relator term რედაქტორი
9 (RLIN) 2186
700 ## - ADDED ENTRY--PERSONAL NAME
Personal name რევაზიშვილი, თამარ
Relator term შემდგენელი
9 (RLIN) 2187
700 ## - ADDED ENTRY--PERSONAL NAME
Personal name გოილაძე, ვახტანგ
Relator term წინასიტყვაობა
9 (RLIN) 2188
942 ## - ADDED ENTRY ELEMENTS (KOHA)
Koha item type წიგნი
Source of classification or shelving scheme
ეგზემპლარები
ჩამოწერის სტატუსი დაკარგული ეგზემპლარის სტატუსი კლასიფიკაციის წყარო ან თაროზე გაწყობის სქემა დაზიანების სტატუსი არ გაიცემა მუდმივი მდებარეობა (დაცვის ადგილი) ამჟამინდელი ადგილსამყოფელი თაროზე განთავსების ადგილი შეძენის თარიღი ღირებულება, შესყიდვის ნორმალური ფასი სრული შენახვის შიფრი შტრიხკოდი ბოლო ოპერაციის თარიღი ეგზემპლარის მიმდევრობითი ნომერი (კეტერი?) ფასის ძალაში შესვლის თარიღი ეგზემპლარის სახეობა საჯარო შენიშვნა
          ბათუმის შოთა რუსთაველის სახელმწიფო უნივერსიტეტის მთავარი ბიბლიოთეკა ბათუმის შოთა რუსთაველის სახელმწიფო უნივერსიტეტის მთავარი ბიბლიოთეკა წიგნსაცავი 2018-12-17 60.00 271.222(479.22) ჯ–26 4591 2018-12-17 4591 2018-12-17 წიგნი 60 ლ.